000 01707nam a2200277 a 4500
001 000293686
003 AM-YeHGA
005 20250618071915.0
008 031215s1966 ai |||||r|||||||||0|arm|d
040 _aAM-YeHGA
041 0 _aarm
100 1 _aԴալլաքյան, Ղևոնդ Մեխակի,
_d1915-1992
_91295
245 1 0 _aՄարտական 89 :
_b[89-րդ հայկ. հրաձգ. Թամանյան դիվիզիայի պատմությունը] /
_cՂ.Մ. Դալլաքյան ; Խմբ.՝ Ա.Մ. Հակոբյան ; Նկ.՝ Ռ. Պ. Նանուշյան ; ՍՄԿԿ Կենտկոմին կից մարքսիզմ-լենինիզմի ին-տի հայկ. ֆիլիալ ; ՀԿԿ Կենտկոմի Կուսակցության պատմության ին-տ.
260 _aԵրևան :
_bՀայաստան,
_c1966.
300 _a324 էջ :
_b[8]թ. ներդիր ;
_c23 սմ.
500 _aՆվիրում եմ Հայրենական Մեծ պատերազմում զոհված հայ մարտիկների պայծառ հիշատակին
504 _aՏողատակի մատենագիտ. ծանոթագր.
650 1 4 _aՀայրենական մեծ պատերազմ, 1941-1945 թթ.
_9887
653 0 _a89-րդ Թամանյան հայկական հրաձգային դիվիզիայի մարտական ուղին
700 1 _aՀակոբյան, Արարատ Մխիթարի,
_d1947-
_eխմբ.
_4edt
_93989
700 1 _aՆանուշյան, Ռ.Պ.
_eնկ.
_4art
710 2 _aՍՄԿԿ Կենտկոմին կից մարքսիզմ-լենինիզմի ինստիտուտի հայկական ֆիլիալ
710 2 _aՀԿԿ Կենտկոմի Կուսակցության պատմության ին-տ
942 _2udc
_cBK
090 _c109013
999 _c107686
_d107686